Ensamblador/simulador para el microprocesador CPUCR.
Uloženo v:
| Hlavní autor: | |
|---|---|
| Médium: | Diplomová práce Kniha |
| Jazyk: | Undetermined |
| Vydáno: |
1988
|
| Témata: | |
| Tagy: |
Přidat tag
Žádné tagy, Buďte první, kdo vytvoří štítek k tomuto záznamu!
|
MARC
| LEADER | 00000nam a2200000Ia 4500 | ||
|---|---|---|---|
| 001 | 005304 T.I | ||
| 008 | 140114s9999 xx 000 0 und d | ||
| 100 | |a Alonso Naranjo,Tirso | ||
| 245 | |a Ensamblador/simulador para el microprocesador CPUCR. | ||
| 260 | |c 1988 | ||
| 500 | |a NULL | ||
| 502 | |a Escuela de ingenieria Electrica | ||
| 650 | |z MICROPROCESADOR CPUCR | ||
| 999 | |c 11844 |d 11844 | ||
